00437nam a2200181Ia 4500008004100000020001800041245001300059245005100072245001600123250001900139260001500158260001600173260000900189300001400198300002500212300001000237500000800247170705s9999 xx 000 0 und d a9780786837489 aEdwina : bthe dinosaur who didn't know she was extinct / cMo Willems. aFirst edition. aNew York : bScholastic, c2006 aunpaged : bcolor illustration ; c24cm. a500